Comaṃ Lāmāra cokhe Uttarabaṅga. (Record no. 78508)

MARC details
000 -LEADER
fixed length control field 00572cam a22002291 4500
001 - CONTROL NUMBER
control field sa 68002185
003 - CONTROL NUMBER IDENTIFIER
control field DLC
005 - DATE AND TIME OF LATEST TRANSACTION
control field 20260227112440.0
008 - FIXED-LENGTH DATA ELEMENTS--GENERAL INFORMATION
fixed length control field 890403s1966 xx 000 0 hino
010 ## - LIBRARY OF CONGRESS CONTROL NUMBER
LC control number sa 68002185
035 ## - SYSTEM CONTROL NUMBER
System control number (OCoLC)23564901
040 ## - CATALOGING SOURCE
Original cataloging agency DLC
Transcribing agency MiU
Modifying agency DLC
042 ## - AUTHENTICATION CODE
Authentication code premarc
050 00 - LIBRARY OF CONGRESS CALL NUMBER
Classification number DS485.B493
Item number L3
100 1# - MAIN ENTRY--PERSONAL NAME
Personal name Lama, Chomong,
Dates associated with a name 1929-
245 10 - TITLE STATEMENT
Title Comaṃ Lāmāra cokhe Uttarabaṅga.
260 ## - PUBLICATION, DISTRIBUTION, ETC.
Date of publication, distribution, etc. [1966?]
300 ## - PHYSICAL DESCRIPTION
Extent 267 p.
Other physical details map.
Dimensions 23 cm.
500 ## - GENERAL NOTE
General note Romanized.
651 #0 - SUBJECT ADDED ENTRY--GEOGRAPHIC NAME
Geographic name West Bengal (India)
740 0# - ADDED ENTRY--UNCONTROLLED RELATED/ANALYTICAL TITLE
Uncontrolled related/analytical title Uttarabhaṅga.

No items available.

Powered by Koha